书目信息 |
| 题名: |
信号与系统
|
|
| 作者: | 范世贵 , 郭婷 编著 | |
| 分册: | ||
| 出版信息: | 西安 西北工业大学出版社 2011 |
|
| 页数: | 421页 | |
| 开本: | 23cm | |
| 丛书名: | 高等学校经典教材“三点”丛书 | |
| 单 册: | ||
| 中图分类: | TN911.6 | |
| 科图分类: | ||
| 主题词: | 信号系统--高等学校--教材 , 信号系统 | |
| 电子资源: | ||
| ISBN: | 978-7-5612-2936-1 | |
| 000 | 00865nam0 2200265 450 | |
| 001 | 523 | |
| 005 | 20140910085646.00 | |
| 010 | @a978-7-5612-2936-1@dCNY36.00 | |
| 100 | @a20110130d2011 em y0chiy50 ea | |
| 101 | 0 | @achi |
| 102 | @aCN@b610000 | |
| 105 | @ay z 000yy | |
| 106 | @ar | |
| 200 | 1 | @a信号与系统@e范世贵·第一版@e重点 难点 考点辅导与精析@f范世贵,郭婷编著 |
| 210 | @a西安@c西北工业大学出版社@d2011 | |
| 215 | @a421页@d23cm | |
| 225 | 1 | @a高等学校经典教材“三点”丛书 |
| 330 | @a本书由两部分组成,第一部为信号与系统课程重点、难点、考点辅导与精析,共9章;第二部分为全国部分重点大学研究生招生信号与系统课程考试试题及解答共6套。 | |
| 606 | 0 | @a信号系统@x高等学校@j教材 |
| 606 | 0 | @a信号系统 |
| 690 | @aTN911.6@v5 | |
| 701 | 0 | @a范世贵@4编著 |
| 701 | 0 | @a郭婷@4编著 |
| 801 | 0 | @aCN@bTANGWEI@c20140603 |
| 905 | @b0841781-83@dTN911.6@e134@f3 | |
| 信号与系统:范世贵·第一版:重点 难点 考点辅导与精析/范世贵,郭婷编著.-西安:西北工业大学出版社,2011 |
| 421页;23cm.-(高等学校经典教材“三点”丛书) |
| ISBN 978-7-5612-2936-1:CNY36.00 |
| 本书由两部分组成,第一部为信号与系统课程重点、难点、考点辅导与精析,共9章;第二部分为全国部分重点大学研究生招生信号与系统课程考试试题及解答共6套。 |
| ● |
| 相关链接 |
|
|
|
|
正题名:信号与系统
索取号:TN911.6/134
 
预约/预借
| 序号 | 登录号 | 条形码 | 馆藏地/架位号 | 状态 | 备注 |
| 1 | 0841781 | 208417818 | 第二样本阅览室/ [索取号:TN911.6/134] | 在馆 | |
| 2 | 0841782 | 208417827 | 密集书库—计算机科学学院/ [索取号:TN911.6/134] | 在馆 | |
| 3 | 0841783 | 208417836 | 第三借阅区/ [索取号:TN911.6/134] | 在馆 |